The civil code/ (Record no. 10042)
[ view plain ]
| 000 -LEADER | |
|---|---|
| fixed length control field | 00467nam a22001695a 4500 |
| 008 - FIXED-LENGTH DATA ELEMENTS--GENERAL INFORMATION | |
| fixed length control field | 080731s1986 -us||||fr|||| 00| 0 eng d |
| 040 ## - CATALOGING SOURCE | |
| Original cataloging agency | EG-ScBUE |
| Language of cataloging | eng |
| Transcribing agency | EG-ScBUE |
| 082 04 - DEWEY DECIMAL CLASSIFICATION NUMBER | |
| Edition number | 22 |
| Classification number | 346.01300962 |
| Item number | CIV |
| 245 ## - TITLE STATEMENT | |
| Title | The civil code/ |
| Statement of responsibility, etc | Translated by D. A. Bassil |
| 250 ## - EDITION STATEMENT | |
| Edition statement | 1st ed. |
| 260 ## - PUBLICATION, DISTRIBUTION, ETC. (IMPRINT) | |
| Place of publication, distribution, etc | Saint Etienne : |
| Name of publisher, distributor, etc | Editions, |
| Date of publication, distribution, etc | 1987. |
| 300 ## - PHYSICAL DESCRIPTION | |
| Extent | 130 p.; |
| Dimensions | 20 cm. |
| 590 ## - LOCAL NOTE (RLIN) | |
| Local note | yassmeen ashraf |
| 651 ## - SUBJECT ADDED ENTRY--GEOGRAPHIC NAME | |
| Source of heading or term | BUEsh |
| 653 ## - INDEX TERM--UNCONTROLLED | |
| Resource For college | BAEPS, Political Science |
| Arrived date list | August2015 |
| 942 ## - ADDED ENTRY ELEMENTS (KOHA) | |
| Source of classification or shelving scheme | Dewey Decimal Classification |
| Item type | Book - Borrowing |
| Withdrawn status | Item status | Source of classification or shelving scheme | Damaged status | Not for loan | Home library | Current library | Shelving location | Date acquired | Source of acquisition | Total Checkouts | Full call number | Barcode | Date last seen | Uniform Resource Identifier | Cost, replacement price | Koha item type |
|---|---|---|---|---|---|---|---|---|---|---|---|---|---|---|---|---|
| Dewey Decimal Classification | Central Library | Central Library | First floor | 31/07/2008 | Purchase | 346.01300962 CIV | 000013385 | 15/07/2025 | 13821 | 0.00 | Book - Borrowing |